[Event "Cappelle Online Blitz op 1st"]
[Site "Europe Echecs INT"]
[Date "2021.01.10"]
[Round "8"]
[White "Godon, Philippe"]
[Black "Bartel, Reinhard"]
[Result "1-0"]
[WhiteElo "1818"]
[BlackElo "1525"]
[PlyCount "103"]
[EventDate "2021.01.10"]
[EventType "swiss (blitz)"]
[EventRounds "11"]
[EventCountry "FRA"]
[SourceTitle "CBM 200 Extra"]
[Source "ChessBase"]
[SourceDate "2021.03.31"]
[SourceVersion "1"]
[SourceVersionDate "2021.03.31"]
[SourceQuality "1"]

1. e4 e5 2. Nc3 Nc6 3. Bc4 Nf6 4. d3 d6 5. f4 Bg4 6. Qd2 g6 7. h3 Be6 8. Bxe6 fxe6 9. Nf3 Bh6 10. Ng5 Qe7 11. 0-0 0-0-0 12. Qf2 Rdf8 13. Nb5 Kb8 14. Be3 a6 15. Na7 Nxa7 16. Bxa7+ Ka8 17. Be3 Nh5 18. Qd2 exf4 19. Bd4 e5 20. Nf3 exd4 21. Nxd4 Bg7 22. c3 Rf7 23. b4 Bxd4+ 24. cxd4 Qd7 25. Rfc1 f3 26. g4 Nf4 27. d5 Nxh3+ 28. Kh2 Qxg4 29. Qc3 Qd7 30. Qxh8+ Ka7 31. Qd4+ b6 32. Rc6 f2 33. Rf1 Ng5 34. Rxf2 Rxf2+ 35. Qxf2 Kb7 36. Qg2 Nf7 37. Qh3 Qxh3+ 38. Kxh3 Ne5 39. Rc3 b5 40. a3 Kc8 41. Kh4 Kd8 42. Kg5 Ke7 43. Kh6 Kf6 44. Kxh7 g5 45. Rxc7 g4 46. Rg7 Nxd3 47. Rxg4 Ne5 48. Rg1 Nf7 49. Rf1+ Ke7 50. Kg7 Ne5 51. Rf5 Kd8 52. Rxe5 1-0

[Event "Niedersachsen-ch op-B"]
[Site "Verden an der Aller"]
[Date "2020.01.04"]
[Round "6"]
[White "Bartel, Reinhard"]
[Black "Leppert, Hans Juergen"]
[Result "0-1"]
[WhiteElo "1560"]
[BlackElo "1816"]
[PlyCount "66"]
[EventDate "2020.01.02"]
[EventType "swiss"]
[EventRounds "7"]
[EventCountry "GER"]
[SourceTitle "EXT 2023"]
[Source "ChessBase"]
[SourceDate "2022.10.05"]
[SourceVersion "1"]
[SourceVersionDate "2022.10.05"]
[SourceQuality "1"]

1. d4 g6 2. c4 Bg7 3. Nf3 d6 4. Nc3 Nf6 5. e4 0-0 6. Be2 Na6 7. a3 c5 8. d5 e5 9. h3 Bd7 10. Be3 Nc7 11. b4 cxb4 12. axb4 b6 13. c5 bxc5 14. bxc5 Nh5 15. c6 Bc8 16. Bxa7 Nf4 17. Bf1 f5 18. Bb6 Rb8 19. Bxc7 Qxc7 20. Nb5 Rxb5 21. Bxb5 fxe4 22. Ng5 Qb6 23. Nxe4 Qxb5 24. Qd2 Nxg2+ 25. Kd1 Qb3+ 26. Qc2 Qxd5+ 27. Ke2 Qb5+ 28. Kd1 Bf5 29. Qa2+ d5 30. Nc3 Qxc6 31. Qxd5+ Qxd5+ 32. Nxd5 Rd8 33. Ra5 Be6 0-1

[Event "Hannover Bezirks op"]
[Site "Hannover"]
[Date "2019.05.11"]
[Round "7.9"]
[White "Bartel, Reinhard"]
[Black "Mednik, Michael"]
[Result "1/2-1/2"]
[WhiteElo "1549"]
[BlackElo "1343"]
[PlyCount "76"]
[EventDate "2019.01.19"]
[EventType "swiss"]
[EventRounds "7"]
[EventCountry "GER"]
[SourceTitle "EXT 2023"]
[Source "ChessBase"]
[SourceDate "2022.10.05"]
[SourceVersion "1"]
[SourceVersionDate "2022.10.05"]
[SourceQuality "1"]

1. d4 d5 2. c4 dxc4 3. a4 Bf5 4. Nc3 e6 5. e4 Bg6 6. Bxc4 Nf6 7. Bg5 Be7 8. Bxf6 Bxf6 9. e5 Be7 10. Nge2 c6 11. 0-0 h6 12. Ng3 0-0 13. f4 Nd7 14. f5 Bxf5 15. Nxf5 exf5 16. Rxf5 Nb6 17. Bb3 Qd7 18. Qg4 Rad8 19. Rd1 Nd5 20. Qf3 Bg5 21. Nxd5 cxd5 22. Qf1 Rc8 23. Rf3 Rc7 24. Qd3 g6 25. Qb5 Rfc8 26. Qxd5 Qxd5 27. Bxd5 b6 28. Rdf1 Rf8 29. e6 Kg7 30. exf7 Rc1 31. Rxc1 Bxc1 32. b3 Bb2 33. Rd3 Rd8 34. Bc4 Rxd4 35. Rxd4 Bxd4+ 36. Kf1 Kf8 37. Ke2 a5 38. Kd3 Bg7 1/2-1/2

[Event "Hannover Bezirk-ch B"]
[Site "Lehrte"]
[Date "2017.10.30"]
[Round "5.3"]
[White "Bartel, Reinhard"]
[Black "Von Mettenheim, Johannes"]
[Result "0-1"]
[WhiteElo "1636"]
[BlackElo "1506"]
[PlyCount "86"]
[EventDate "2017.10.28"]
[EventType "swiss"]
[EventRounds "7"]
[EventCountry "GER"]
[SourceTitle "EXT 2022"]
[Source "ChessBase"]
[SourceDate "2021.10.06"]
[SourceVersion "1"]
[SourceVersionDate "2021.10.06"]
[SourceQuality "1"]

1. c4 e5 2. g3 c6 3. Nc3 d5 4. cxd5 cxd5 5. d4 Bb4 6. e3 e4 7. a3 Be7 8. Bb5+ Bd7 9. Qa4 Nf6 10. Nge2 Bxb5 11. Qxb5+ Qd7 12. Nf4 Qxb5 13. Nxb5 Na6 14. Bd2 g5 15. Nh3 h6 16. Rc1 Kd7 17. 0-0 Ne8 18. Kg2 Nd6 19. Nxd6 Bxd6 20. Ng1 Rac8 21. Ne2 f5 22. Rxc8 Rxc8 23. Rc1 Rxc1 24. Bxc1 b5 25. b4 Nc7 26. Bd2 Na8 27. Nc3 Kc6 28. Ne2 Nb6 29. Nc3 Nc4 30. Nb1 Kb6 31. Be1 a5 32. bxa5+ Nxa5 33. Bb4 Bxb4 34. axb4 Nc6 35. Nc3 Nxb4 36. Kf1 Kc6 37. Ke2 Nd3 38. f4 g4 39. Kd2 b4 40. Nb1 Kb5 41. Kc2 Ne1+ 42. Kd1 Nf3 43. Kc2 Kc4 0-1

[Event "Hannover Bezirks op"]
[Site "Hannover"]
[Date "2017.05.20"]
[Round "7.8"]
[White "Bartel, Reinhard"]
[Black "Schmalz, Dierk"]
[Result "1/2-1/2"]
[WhiteElo "1678"]
[BlackElo "1923"]
[PlyCount "66"]
[EventDate "2017.01.21"]
[EventType "swiss"]
[EventRounds "7"]
[EventCountry "GER"]
[SourceTitle "EXT 2022"]
[Source "ChessBase"]
[SourceDate "2021.10.06"]
[SourceVersion "1"]
[SourceVersionDate "2021.10.06"]
[SourceQuality "1"]

1. d4 Nf6 2. c4 g6 3. Nc3 Bg7 4. e4 d6 5. Nf3 0-0 6. Be2 e5 7. d5 Ne8 8. Bg5 f6 9. Bd2 f5 10. Bd3 Nd7 11. b4 Ndf6 12. Qc1 c6 13. Bg5 f4 14. h3 h6 15. Bxf6 Qxf6 16. Be2 g5 17. Nh2 Qg6 18. Qd1 Qf7 19. Bh5 Qe7 20. Ng4 Nf6 21. Nxf6+ Bxf6 22. Bg4 Bd7 23. Bxd7 Qxd7 24. dxc6 bxc6 25. Qb3 Kh7 26. Rd1 Qc7 27. Rd3 Rab8 28. a4 Rfd8 29. f3 Qb6 30. b5 a6 31. Ke2 Qc5 32. Rhd1 Bg7 33. Ra1 Rdc8 1/2-1/2

[Event "Hannover Bezirks op"]
[Site "Hannover"]
[Date "2017.03.18"]
[Round "4.11"]
[White "Niemann, Leon Pascal"]
[Black "Bartel, Reinhard"]
[Result "1/2-1/2"]
[WhiteElo "1423"]
[BlackElo "1678"]
[PlyCount "92"]
[EventDate "2017.01.21"]
[EventType "swiss"]
[EventRounds "7"]
[EventCountry "GER"]
[SourceTitle "EXT 2022"]
[Source "ChessBase"]
[SourceDate "2021.10.06"]
[SourceVersion "1"]
[SourceVersionDate "2021.10.06"]
[SourceQuality "1"]

1. c4 Nf6 2. g3 e6 3. Nc3 Bb4 4. Bg2 Bxc3 5. bxc3 Nc6 6. Ba3 d6 7. Nf3 e5 8. d4 exd4 9. cxd4 Bg4 10. 0-0 0-0 11. e3 Qd7 12. Re1 Rfe8 13. Rb1 Rab8 14. Qc1 Ne4 15. Nd2 Ng5 16. Kh1 Nh3 17. Bxc6 Qxc6+ 18. d5 Qd7 19. Kg2 Ng5 20. f3 Bh3+ 21. Kf2 f5 22. f4 Ne4+ 23. Nxe4 Rxe4 24. Qc3 b6 25. Rb4 c6 26. Bb2 cxd5 27. cxd5 Rc8 28. Qd2 Rcc4 29. a3 Qc7 30. Rxc4 Rxc4 31. Rc1 Rxc1 32. Qxc1 Qxc1 33. Bxc1 Kf7 34. a4 Bg4 35. Ba3 Ke7 36. Bb2 g6 37. Bc3 a5 38. Bd4 Bd1 39. Bxb6 Bxa4 40. Bxa5 Bb3 41. Ke2 Bxd5 42. Kd3 Bg2 43. Kd4 Ke6 44. Bb4 h6 45. Ba5 h5 46. Bc7 Bf3 1/2-1/2

[Event "Hannover Ihme Cup"]
[Site "Hannover"]
[Date "2016.05.22"]
[Round "4"]
[White "Seeber, Helmut"]
[Black "Bartel, Reinhard"]
[Result "1-0"]
[WhiteElo "1618"]
[BlackElo "1523"]
[PlyCount "83"]
[EventDate "2016.05.20"]
[EventType "swiss"]
[EventRounds "5"]
[EventCountry "GER"]
[SourceTitle "CBM 189 Extra"]
[Source "ChessBase"]
[SourceDate "2019.06.03"]
[SourceVersion "1"]
[SourceVersionDate "2019.06.03"]
[SourceQuality "1"]

1. e4 c5 2. Nf3 d6 3. d4 cxd4 4. Nxd4 a6 5. c4 Nf6 6. Nc3 e5 7. Nc2 Nc6 8. Be2 Be7 9. 0-0 0-0 10. Be3 Be6 11. Rc1 Rc8 12. b3 Qd7 13. f3 Kh8 14. Nd5 Bd8 15. Nb6 Bxb6 16. Bxb6 g5 17. Qd2 Rg8 18. Rcd1 Ne8 19. Bf2 Rg6 20. Bb6 f5 21. exf5 Bxf5 22. Bd3 Ng7 23. Ne3 Ne7 24. Nxf5 Ngxf5 25. g4 d5 26. Bf2 Nh4 27. Bxh4 gxh4 28. Bxg6 Nxg6 29. Qxd5 Qg7 30. Qd7 Qf8 31. Qd6 Qf4 32. Qd7 Rf8 33. Rde1 h3 34. Re4 Qg5 35. Qd1 Rd8 36. Qc1 Qh4 37. Qe3 Re8 38. Rd1 Qf6 39. Rd7 Nh4 40. f4 Qc6 41. Rd5 Ng6 42. fxe5 1-0